<?xml version="1.0" encoding="UTF-8"?>
<marc:record xmlns:marc="http://www.loc.gov/MARC21/slim">
   <marc:leader>00000nam a2200000 a 4500</marc:leader>
   <marc:datafield ind1="1" ind2=" " tag="100">
      <marc:subfield code="a">Bentley, Sue</marc:subfield>
      <marc:subfield code="4">aut</marc:subfield>
      <marc:subfield code="e">Verfasser/-in</marc:subfield>
   </marc:datafield>
   <marc:datafield ind1="1" ind2=" " tag="100">
      <marc:subfield code="a">Almhoff, Anna</marc:subfield>
      <marc:subfield code="4">aut</marc:subfield>
      <marc:subfield code="e">Verfasser/-in</marc:subfield>
   </marc:datafield>
   <marc:datafield ind1="1" ind2=" " tag="100">
      <marc:subfield code="a">Leiss-Bohn, Simone</marc:subfield>
      <marc:subfield code="4">ill</marc:subfield>
      <marc:subfield code="e">Illustrator/-in</marc:subfield>
   </marc:datafield>
   <marc:datafield ind1=" " ind2=" " tag="653">
      <marc:subfield code="a">Mädchen</marc:subfield>
   </marc:datafield>
   <marc:datafield ind1=" " ind2=" " tag="653">
      <marc:subfield code="a">Magie</marc:subfield>
   </marc:datafield>
   <marc:datafield ind1=" " ind2=" " tag="653">
      <marc:subfield code="a">Einschulung</marc:subfield>
   </marc:datafield>
   <marc:datafield ind1=" " ind2=" " tag="653">
      <marc:subfield code="a">Mice</marc:subfield>
   </marc:datafield>
   <marc:datafield ind1=" " ind2=" " tag="653">
      <marc:subfield code="a">Hamsters</marc:subfield>
   </marc:datafield>
   <marc:datafield ind1=" " ind2=" " tag="653">
      <marc:subfield code="a">Guinea Pigs</marc:subfield>
   </marc:datafield>
   <marc:datafield ind1=" " ind2=" " tag="653">
      <marc:subfield code="a">etc.</marc:subfield>
   </marc:datafield>
   <marc:datafield ind1=" " ind2=" " tag="653">
      <marc:subfield code="a">Freundschaft</marc:subfield>
   </marc:datafield>
   <marc:datafield ind1=" " ind2=" " tag="653">
      <marc:subfield code="a">Abenteuergeschichte</marc:subfield>
   </marc:datafield>
   <marc:datafield ind1=" " ind2=" " tag="653">
      <marc:subfield code="a">Tiere</marc:subfield>
   </marc:datafield>
   <marc:datafield ind1=" " ind2=" " tag="653">
      <marc:subfield code="a">Lesenlernen</marc:subfield>
   </marc:datafield>
   <marc:datafield ind1=" " ind2=" " tag="653">
      <marc:subfield code="a">Erstleser</marc:subfield>
   </marc:datafield>
   <marc:datafield ind1=" " ind2=" " tag="653">
      <marc:subfield code="a">Erstlesebuch</marc:subfield>
   </marc:datafield>
   <marc:datafield ind1=" " ind2=" " tag="653">
      <marc:subfield code="a">Lesen lernen</marc:subfield>
   </marc:datafield>
   <marc:datafield ind1=" " ind2=" " tag="653">
      <marc:subfield code="a">Buch für die Schultüte</marc:subfield>
   </marc:datafield>
   <marc:datafield ind1=" " ind2=" " tag="653">
      <marc:subfield code="a">Geschenk erster Schultag</marc:subfield>
   </marc:datafield>
   <marc:datafield ind1=" " ind2=" " tag="653">
      <marc:subfield code="a">Geschenk Einschulung</marc:subfield>
   </marc:datafield>
   <marc:datafield ind1=" " ind2=" " tag="653">
      <marc:subfield code="a">Einschulungsgeschenk</marc:subfield>
   </marc:datafield>
   <marc:datafield ind1=" " ind2=" " tag="653">
      <marc:subfield code="a">Buch zum Lesen lernen</marc:subfield>
   </marc:datafield>
   <marc:datafield ind1=" " ind2=" " tag="653">
      <marc:subfield code="a">Erste Klasse</marc:subfield>
   </marc:datafield>
   <marc:datafield ind1=" " ind2=" " tag="653">
      <marc:subfield code="a">Softcover / Kinder- und Jugendbücher/Erstlesealter</marc:subfield>
   </marc:datafield>
   <marc:datafield ind1=" " ind2=" " tag="653">
      <marc:subfield code="a">Vorschulalter</marc:subfield>
   </marc:datafield>
   <marc:datafield ind1=" " ind2=" " tag="653">
      <marc:subfield code="a">Kinderbuch</marc:subfield>
   </marc:datafield>
   <marc:datafield ind1=" " ind2=" " tag="653">
      <marc:subfield code="a">Erstlesealter</marc:subfield>
   </marc:datafield>
   <marc:datafield ind1="0" ind2="0" tag="245">
      <marc:subfield code="a">Magische Häschen - ein flauschiges Geheimnis</marc:subfield>
   </marc:datafield>
   <marc:datafield ind1="0" ind2="0" tag="245">
      <marc:subfield code="c">Sue Bentley ; mit Illustrationen von Simone Leiss-Bohn ; erzählt von Anna Almhoff</marc:subfield>
   </marc:datafield>
   <marc:datafield ind1=" " ind2="1" tag="264">
      <marc:subfield code="a">München</marc:subfield>
      <marc:subfield code="b">arsEdition</marc:subfield>
   </marc:datafield>
   <marc:datafield ind1="1" ind2=" " tag="490">
      <marc:subfield code="a">Lesen lernen mit Magie</marc:subfield>
   </marc:datafield>
   <marc:datafield ind1="1" ind2=" " tag="520">
      <marc:subfield code="a">Angaben aus der Verlagsmeldung

Lesen lernen mit Magie: Magische Häschen : Ein flauschiges Geheimnis / von Sue Bentley

Ein niedlicher Hase mit Zauberkräften geht mit dir durch dick und dünn

Mit diesem kleinen Häschen wird Lesen ein magisches Vergnügen!

Dieses bezaubernde Kinderbuch der Bestsellerautorin Sue Bentley eignet sich perfekt zum ersten Lesenlernen für alle Erstklässler:innen und zum Vorlesen für die Kleinen. Die warmherzigen Geschichten um den verzauberten kleinen Hasen Pfeil sind das ideale Geschenk für Mädchen und Jungen ab 6 Jahren.

Eine zauberhafte Geschichte über Mut, Freundschaft und Magie

Mit ihren magischen Geschichten verzaubert die Bestsellerautorin Sue Bentley die Herzen der Kinder. Das Häschen Pfeil findet in jedem Abenteuer eine Freundin, die ihn beschützt und deren Leben er mit seiner Magie gehörig durcheinanderwirbelt. Mit Pfeil erlebt man jede Menge Abenteuer!

Ideal für kleine Tierfreund:innen: Perfekt für Mädchen und Jungen ab 6 Jahren

So verfestigt sich die Lesekompetenz: Spannende Geschichten, große Buchstaben und serifenlose Schrift erleichtern das Lesenlernen

Viel zu entdecken: Niedliche bunte Bilder lockern die Geschichte auf

Extra-Motivation: Zu diesem Buch gibt es ein Quiz bei Antolin

Das perfekte Geschenk: Zum ersten Lesenlernen und zum Vorlesen für die Kleinen. Dieses Buch gehört in jede Schultüte!

Über das Buch:

Ab heute ist die Wohnung leer, wenn Emmy nach Hause kommt. Ihre Mutter hat eine neue Arbeit. Doch Emmy hat Angst: Den ganzen Nachmittag allein? Und das jetzt jeden Tag? Wie gut, dass sie das magische Häschen Pfeil kennenlernt – und alles anders kommt … 

Geschichten, die zu Herzen gehen, verzaubern und Lust aufs Lesen machen!

Alle bisher erschienenen Bände der Reihe:

Zauberkätzchen: Eine flauschige Überraschung

Zauberkätzchen: Ein magischer Auftritt

Auf magischen Pfoten: Blumenzauber

Magische Häschen: Kuchen für alle

Magische Häschen: Ein flauschiges Geheimnis

Zauberponys: Fantastische Ferien

Weitere Bände sind in Planung.

</marc:subfield>
   </marc:datafield>
   <marc:datafield ind1=" " ind2=" " tag="020">
      <marc:subfield code="a">9783845847726</marc:subfield>
      <marc:subfield code="9">9783845847726</marc:subfield>
   </marc:datafield>
   <marc:datafield ind1=" " ind2=" " tag="020">
      <marc:subfield code="a">3845847727</marc:subfield>
      <marc:subfield code="9">3845847727</marc:subfield>
   </marc:datafield>
   <marc:datafield ind1=" " ind2=" " tag="041">
      <marc:subfield code="a">ger</marc:subfield>
   </marc:datafield>
   <marc:datafield ind1=" " ind2=" " tag="300">
      <marc:subfield code="a">70 Seiten</marc:subfield>
   </marc:datafield>
</marc:record>
